| 000 | 00680nam a2200241 i 4500 | ||
|---|---|---|---|
| 001 | C2-0097648 | ||
| 003 | PPAK | ||
| 005 | 20180727094149.0 | ||
| 008 | 970522s1995 enka|||| ||||| | eng d | ||
| 020 | _a1852275332 | ||
| 040 |
_aPPAK _beng _cPPAK _erda |
||
| 082 | 0 | 4 |
_a782.42168092 _223 |
| 090 | 0 | 0 |
_a782.42168092 _bFOW _dR |
| 100 | 1 |
_aPeachey, Mal, _eauthor |
|
| 245 | 1 | 0 |
_aWet wet wet : _bpictured |
| 264 | 1 |
_aLondon : _bVirgin , _c1995 |
|
| 300 |
_a[n.p.] : _bcolour illustrations ; _c26 cm |
||
| 336 |
_2rdacontent _atext |
||
| 337 |
_2rdamedia _aunmediated |
||
| 338 |
_2rdacarrier _avolume |
||
| 650 | 1 | 0 | _aSingers ; Band music ; Biography - WetWetWet |
| 942 |
_ddc _cB |
||
| 999 |
_c21470 _d21470 |
||